UBT Library

Awakening the heroes within : (Record no. 43452)

000 -LEADER
fixed length control field 00827pam a2200229 a 4500
001 - CONTROL NUMBER
control field 3417631
005 - DATE AND TIME OF LATEST TRANSACTION
control field 20180226072334.0
008 - FIXED-LENGTH DATA ELEMENTS--GENERAL INFORMATION
fixed length control field 900412s1991 caua b 001 0 eng
010 ## - LIBRARY OF CONGRESS CONTROL NUMBER
LC control number 90055296
020 ## - INTERNATIONAL STANDARD BOOK NUMBER
International Standard Book Number 0062506781 (alk. paper) :
Terms of availability $16.00 ($21.50 Can.)
040 ## - CATALOGING SOURCE
Original cataloging agency DLC
Transcribing agency DLC
Modifying agency DLC
041 ## - LANGUAGE CODE
Language code of text/sound track or separate title eng
080 ## - UNIVERSAL DECIMAL CLASSIFICATION NUMBER
Universal Decimal Classification number 155.264 car
082 00 - DEWEY DECIMAL CLASSIFICATION NUMBER
Classification number 155.264 car
Edition number 20
100 1# - Rafti
Rafti 49
101 ## - Shkurtesa
Shkurtesa psi
245 10 - TITLE STATEMENT
Title Awakening the heroes within :
Statement of responsibility, etc Carol S. Pearson.
504 ## - BIBLIOGRAPHY, ETC. NOTE
Bibliography, etc Includes bibliographical references and index.
906 ## - LOCAL DATA ELEMENT F, LDF (RLIN)
a 7
b cbc
c orignew
d 1
e ocip
f 19
g y-gencatlg
942 ## - ADDED ENTRY ELEMENTS (KOHA)
Source of classification or shelving scheme
Item type Books
Holdings
Withdrawn status Lost status Source of classification or shelving scheme Damaged status Not for loan Collection code Permanent location Current location Shelving location Date acquired Total Checkouts Full call number Barcode Date last seen Price effective from Koha item type
          Koleksioni i përgjithshem UBT - Lipjan UBT - Lipjan Koleksioni i përgjithshem 02/26/2018   155.264 car 002-2999663 02/26/2018 02/26/2018 Books
UBT Library © 2015-2024. All rights reserved University Education for Business and Technology